| 000 | 00825nmc a2200325 a 4500 | ||
|---|---|---|---|
| 003 | AR-Y00000XR | ||
| 005 | 20251128211841.0 | ||
| 008 | 157020s2004 ||||||||||||||000 | spa|| | ||
| 020 | _a987-1158-08-4 | ||
| 040 | _cAR-Y00000XR | ||
| 100 | 1 | _aMartí, José | |
| 245 | 1 | 0 | _aLa Edad de oro |
| 250 | _a1ª ed. | ||
| 260 |
_aBuenos Aires _bNuestra América _c2004 |
||
| 300 | 0 | _a310 p. | |
| 490 | 0 | _aPopulibros | |
| 650 | 4 | _aPUBLICACIONES PERIODICAS | |
| 650 | 4 | _aLITERATURA INFANTIL | |
| 650 | 4 | _aCOMPILACION BIBLIOGRAFICA | |
| 650 | 4 | _aCUENTO INFANTIL | |
| 650 | 4 | _aLITERATURA LATINOAMERICANA | |
| 650 | 4 | _aVALORES MORALES | |
| 651 | 4 | _aCuba | |
| 653 | 0 | _aLITERATURA CUBANA | |
| 653 | 0 | _aLITERATURA JUVENIL | |
| 653 | 0 | _aPOESIA INFANTIL | |
| 655 | _aLITERATURA | ||
| 942 | _cBK | ||
| 998 | _cmi-desc | ||
| 999 |
_c21382 _d21382 |
||